Semiotique et litterature : essais de methode
Αποθηκεύτηκε σε:
| Κύριος συγγραφέας: | |
|---|---|
| Μορφή: | Βιβλίο |
| Γλώσσα: | French |
| Δημοσίευση: |
Paris :
Presses Universitaires de France,
1999
|
| Σειρά: | Formes semiotiques
|
| Θέματα: | |
| Ετικέτες: |
Προσθήκη ετικέτας
Δεν υπάρχουν, Καταχωρήστε ετικέτα πρώτοι!
|
MARC
| LEADER | 00000cam a2200000 i 4500 | ||
|---|---|---|---|
| 001 | 1/56523 | ||
| 008 | 040602s1999 fre d | ||
| 020 | |a 2-13-049735-7 | ||
| 035 | |l 10073617 | ||
| 040 | |a GR-MY-UA |b gre |e aacr | ||
| 041 | 0 | |a fre | |
| 082 | 0 | |a 801.4 | |
| 100 | 1 | |a Fontanille, Jacques. | |
| 245 | 1 | 0 | |a Semiotique et litterature : |b essais de methode / |c Jacques Fontanille |
| 260 | |a Paris : |b Presses Universitaires de France, |c 1999 | ||
| 300 | |a 260 p. | ||
| 490 | 1 | |a Formes semiotiques | |
| 504 | |a Includes bibliographical references | ||
| 650 | 0 | 0 | |a Discourse analysis, Literary. |
| 650 | 0 | 0 | |a Semiotics and literature. |
| 830 | 0 | |a Formes semiotiques | |
| 852 | |a INST |b RHODES |e 20040602 |h 801.4 FON |p 005400018941 |q 005400018941 |t BK |y 0 | ||
| 901 | |a BIBL4-2004-2 | ||
| 909 | |a Ρ |b 109574 | ||
| 970 | |a ΚΟΥΛΑΚΙΟΤΗ |b ΛΙΤΣΑ |z 2004/06/02 | ||